Countries Most Similar To Brazil - Statistics

General Stats
  • This quiz has been taken 203 times
  • The average score is 14 of 20
Answer Stats
Rank Country Score % Correct
1 Colombia 76.3
94%
5 Argentina 72.4
92%
11 Mexico 70.3
85%
3 Uruguay 72.8
84%
14 Chile 68.8
83%
2 Venezuela 73.4
83%
4 Paraguay 72.7
82%
7 Peru 71.2
80%
15 Bolivia 68.8
76%
16 Portugal 68.5
76%
6 Ecuador 71.6
69%
10 Panama 70.6
69%
12 Costa Rica 70.2
64%
9 El Salvador 70.6
60%
18 Guatemala 67.1
60%
17 Honduras 68.5
58%
13 Nicaragua 69
57%
8 Dominican Republic 71.2
56%
19 Belize 66.4
45%
20 Cape Verde 65.1
18%
No matching quizzes found
Score Distribution
Percent of People with Each Score
Percentile by Number Answered
Your Score History
You have not taken this quiz